00385nam a2200145 4500003000400000008004100004020001800045082001700063100002300080245007000103250001800173260002800191300000800219650001200227OSt251110b |||||||| |||| 00| 0 eng d a9789381576052 a823.92 bNEA aNEELAKANTAN, Anand aAsura Tale of the Vanquished:bThe Story of Ravana and His People a1st ed.bRep. aMumbaibLeadstartc2025 a514 aGeneral